00567nam a2200169Ia 4500999001500000020001800015082001800033100002100051245005400072260005000126300001400176504002600190650001700216650001700233942000700250952014000257 c8999d8999 a9788170546474 a341.481 YAD-D aYadav, Lal Dhari 0aDevelopment of human rights in secondary students aNew DelhibClassical Publishing Companyc2013 axii, 206p aIncludes bibliography aHuman Rights aCivil Rights cBK 00104070aNASSDOCbNASSDOCd2017-09-22eGifted by : RPs Division, ICSSRl0o341.481 YAD-Dp49289r2019-04-18 00:00:00w2019-04-18yBK